GRAMO '75 súčasnosť a perspektívy

Bibliographic Details
Main Author: -pk- (Author)
Format: Article
Language:Slovak

MARC

LEADER 00000nab a2200000ua 4500
001 vtls010805379
003 SK-MaSNL
005 20260303103839.0
008 230121s1975 xo |||||||||||||||||slo|
035 |a (urnnbn)urn:nbn:sk:snk:ar-a010gu 
035 |a (uuid)50fee344-dc95-4361-8298-b05db41a5ac2 
035 |a urn:nbn:sk:snk-ab4c9p 
040 |a SNKBUCL  |b slo  |c SNKBUCL  |e AACR2 
041 0 |a slo 
044 |a xo  |c SK 
100 1 |a -pk-  |4 aut  |9 893016 
245 1 0 |a GRAMO '75 súčasnosť a perspektívy  |c -Pk- 
773 0 |t Hudobný život : klasická hudba, jazz, world music  |g Roč. 7, č. 13 (1975), s. [2] 
954 |a odborná, vedecká literatúra pôvodná (slovenská)  |2 lita 
958 |a OND 
958 |a EUIPO 
958 |a article3 
999 |c 1852473  |d 1854403